<?xml version="1.0" encoding="UTF-8"?>
<record
    xmlns:xsi="http://www.w3.org/2001/XMLSchema-instance"
    xsi:schemaLocation="http://www.loc.gov/MARC21/slim http://www.loc.gov/standards/marcxml/schema/MARC21slim.xsd"
    xmlns="http://www.loc.gov/MARC21/slim">

  <leader>00680nam a22002175a 4500</leader>
  <controlfield tag="003">OSt</controlfield>
  <controlfield tag="005">20201124141840.0</controlfield>
  <controlfield tag="008">110516s2004    ua|||||fr|||  00| j ara d</controlfield>
  <datafield tag="020" ind1=" " ind2=" ">
    <subfield code="a">9770811785</subfield>
  </datafield>
  <datafield tag="040" ind1=" " ind2=" ">
    <subfield code="a">EG-ScBUE</subfield>
    <subfield code="b">ara</subfield>
    <subfield code="c">EG-ScBUE</subfield>
  </datafield>
  <datafield tag="082" ind1="0" ind2="4">
    <subfield code="a">892.746</subfield>
    <subfield code="b">&#x645; &#x62D; &#x645;</subfield>
    <subfield code="2">22</subfield>
  </datafield>
  <datafield tag="100" ind1="1" ind2=" ">
    <subfield code="a">&#x645;&#x62D;&#x645;&#x648;&#x62F;&#x60C; &#x645;&#x635;&#x637;&#x641;&#x649;</subfield>
    <subfield code="9">14859</subfield>
  </datafield>
  <datafield tag="245" ind1="1" ind2="0">
    <subfield code="a">&#x627;&#x644;&#x623;&#x62D;&#x644;&#x627;&#x645; /</subfield>
    <subfield code="c">&#x645;&#x635;&#x637;&#x641;&#x649; &#x645;&#x62D;&#x645;&#x648;&#x62F;</subfield>
  </datafield>
  <datafield tag="260" ind1=" " ind2=" ">
    <subfield code="a">&#x627;&#x644;&#x642;&#x627;&#x647;&#x631;&#x629; :</subfield>
    <subfield code="b">&#x62F;&#x627;&#x631; &#x623;&#x62E;&#x628;&#x627;&#x631; &#x627;&#x644;&#x64A;&#x648;&#x645;&#x60C;</subfield>
    <subfield code="c">[2004]</subfield>
  </datafield>
  <datafield tag="300" ind1=" " ind2=" ">
    <subfield code="a">166 &#x635; &#x61B;</subfield>
    <subfield code="c">19 &#x633;&#x645;</subfield>
  </datafield>
  <datafield tag="490" ind1=" " ind2=" ">
    <subfield code="a">&#x627;&#x644;&#x623;&#x639;&#x645;&#x627;&#x644; &#x627;&#x644;&#x643;&#x627;&#x645;&#x644;&#x629; &#x644;&#x644;&#x62F;&#x643;&#x62A;&#x648;&#x631; &#x645;&#x635;&#x637;&#x641;&#x649; &#x645;&#x62D;&#x645;&#x648;&#x62F;</subfield>
  </datafield>
  <datafield tag="590" ind1=" " ind2=" ">
    <subfield code="a">doaa mohamed</subfield>
  </datafield>
  <datafield tag="651" ind1=" " ind2=" ">
    <subfield code="2">BUEsh</subfield>
  </datafield>
  <datafield tag="653" ind1=" " ind2=" ">
    <subfield code="b">ARALIT</subfield>
    <subfield code="c">August2015</subfield>
  </datafield>
  <datafield tag="942" ind1=" " ind2=" ">
    <subfield code="2">ddc</subfield>
    <subfield code="k">892.746 &#x645; &#x62D; &#x645;</subfield>
    <subfield code="c">BB</subfield>
  </datafield>
  <datafield tag="999" ind1=" " ind2=" ">
    <subfield code="c">15289</subfield>
    <subfield code="d">15289</subfield>
  </datafield>
  <datafield tag="952" ind1=" " ind2=" ">
    <subfield code="0">0</subfield>
    <subfield code="1">0</subfield>
    <subfield code="2">ddc</subfield>
    <subfield code="4">0</subfield>
    <subfield code="7">0</subfield>
    <subfield code="8"> </subfield>
    <subfield code="a">MAIN</subfield>
    <subfield code="b">MAIN</subfield>
    <subfield code="c">2ND</subfield>
    <subfield code="d">2011-05-16</subfield>
    <subfield code="e">purchase</subfield>
    <subfield code="g">10.00</subfield>
    <subfield code="h">40901</subfield>
    <subfield code="o">892.746  &#x645; &#x62D; &#x645;</subfield>
    <subfield code="p">000023563</subfield>
    <subfield code="q">2023-02-15</subfield>
    <subfield code="r">2015-10-29 00:00:00</subfield>
    <subfield code="s">2015-10-29</subfield>
    <subfield code="y">BB</subfield>
  </datafield>
</record>
